One Memphis Grizzlies Player By Season - Statistics

General Stats
  • This quiz has been taken 319 times
    131 since last reset
  • The average score is 25 of 30
Answer Stats
Season Players Full List % Correct
2024-25 Desmond Bane | Ja Morant | Jaren Jackson Jr. | Jaylen Wells | Santi Aldama | Luke Kennard | Zach Edey | Scotty Pippen Jr. | Marcus Smart | Jake LaRavia | Brandon Clarke | Vince Williams Jr. | GG Jackson II | John Konchar | Jay Huff | Cam Spencer | Lamar Stevens | Marvin Bagley III | Colin Castleton | Yuki Kawamura | Zyon Pullin
99%
2023-24 Ja Morant | Desmond Bane | Jaren Jackson Jr. | GG Jackson II | Marcus Smart | Scotty Pippen Jr. | Lamar Stevens | Brandon Clarke | Luke Kennard | Jake LaRavia | Santi Aldama | Jordan Goodwin | Vince Williams Jr. | David Roddy | Ziaire Williams | Derrick Rose | Trey Jemison | Mãozinha Pereira | Zavier Simpson | Xavier Tillman Sr. | Jaylen Nowell | Bismack Biyombo | DeJon Jarreau | Jacob Gilyard | John Konchar | Matthew Hurt | Wenyen Gabriel | Timmy Allen | Yuta Watanabe | Kenneth Lofton Jr. | Tosan Evbuomwan | Jack White | Shaquille Harrison
99%
2022-23 Ja Morant | Desmond Bane | Jaren Jackson Jr. | Dillon Brooks | Steven Adams | John Konchar | Tyus Jones | Santi Aldama | Brandon Clarke | David Roddy | Ziaire Williams | Jake LaRavia | Xavier Tillman Sr. | Kennedy Chandler | Vince Williams Jr. | Kenneth Lofton Jr. | Luke Kennard | Danny Green | Jacob Gilyard
99%
2021-22 Ja Morant | Jaren Jackson Jr. | Desmond Bane | Dillon Brooks | Steven Adams | De'Anthony Melton | Ziaire Williams | Kyle Anderson | Tyus Jones | Brandon Clarke | John Konchar | Xavier Tillman Sr. | Killian Tillie | Santi Aldama | Sam Merrill | Jarrett Culver | Yves Pons | Shaq Buchanan | Xavier Sneed | DaQuan Jeffries | Dakota Mathias | Jon Teske | Tyrell Terry
99%
2020-21 Ja Morant | Jaren Jackson Jr. | Dillon Brooks | Jonas Valančiūnas | Kyle Anderson | Grayson Allen | Brandon Clarke | Desmond Bane | De'Anthony Melton | Justise Winslow | Xavier Tillman Sr. | Tyus Jones | Gorgui Dieng | John Konchar | Tim Frazier | Killian Tillie | Sean McDermott | Jontay Porter
99%
2019-20 Ja Morant | Jaren Jackson Jr. | Jae Crowder | Dillon Brooks | Jonas Valančiūnas | Brandon Clarke | Kyle Anderson | De'Anthony Melton | Tyus Jones | Grayson Allen | Solomon Hill | Gorgui Dieng | Anthony Tolliver | Josh Jackson | Marko Guduric | Jordan Bell | John Konchar | Bruno Caboclo | Dusty Hannahs | Yuta Watanabe | Jarrod Uthoff
97%
2018-19 Marc Gasol | Mike Conley | Avery Bradley | Garrett Temple | Delon Wright | Kyle Anderson | Justin Holiday | Jonas Valančiūnas | Jaren Jackson Jr. | Bruno Caboclo | Shelvin Mack | C.J. Miles | JaMychal Green | Tyler Dorsey | Tyler Zeller | Chandler Parsons | Dillon Brooks | Joakim Noah | Jevon Carter | Ivan Rabb | Omri Casspi | Wayne Selden | Julian Washburn | MarShon Brooks | Dusty Hannahs | Yuta Watanabe | D.J. Stephens | Andrew Harrison
93%
2017-18 Marc Gasol | Mike Conley | Tyreke Evans | Dillon Brooks | JaMychal Green | MarShon Brooks | Marquis Teague | Briante Weber | Andrew Harrison | Xavier Rathan-Mayes | James Ennis III | Jarell Martin | Mario Chalmers | Kobi Simmons | Wayne Selden | Ben McLemore | Chandler Parsons | Myke Henry | Omari Johnson | Deyonta Davis | Ivan Rabb | Brandan Wright | Brice Johnson | Vince Hunter
92%
2016-17 Marc Gasol | Mike Conley | Zach Randolph | Tony Allen | Vince Carter | JaMychal Green | James Ennis III | Andrew Harrison | Chandler Parsons | Troy Daniels | Troy Williams | Wayne Selden | Toney Douglas | Brandan Wright | Jarell Martin | Wade Baldwin | Deyonta Davis
91%
2015-16 Marc Gasol | Mike Conley | Zach Randolph | Tony Allen | Courtney Lee | Jeff Green | Matt Barnes | Briante Weber | Lance Stephenson | Jordan Farmar | Mario Chalmers | Ray McCallum | P.J. Hairston | JaMychal Green | Chris Andersen | Brandan Wright | Xavier Munford | Vince Carter | Alex Stepheson | Beno Udrih | Jarell Martin | Ryan Hollins | Elliot Williams | Jordan Adams | Russ Smith | James Ennis III | Jarnell Stokes | Bryce Cotton
91%
2014-15 Marc Gasol | Mike Conley | Zach Randolph | Tony Allen | Courtney Lee | Jeff Green | Tayshaun Prince | Beno Udrih | Quincy Pondexter | Kosta Koufos | Vince Carter | Nick Calathes | Jon Leuer | Jordan Adams | JaMychal Green | Jarnell Stokes | Kalin Lucas | Russ Smith | Tyrus Thomas
91%
2013-14 Marc Gasol | Mike Conley | Zach Randolph | Tony Allen | Courtney Lee | Tayshaun Prince | Jerryd Bayless | Mike Miller | James Johnson | Quincy Pondexter | Kosta Koufos | Nick Calathes | Ed Davis | Darius Morris | Jon Leuer | Jamaal Franklin | Beno Udrih | Seth Curry
91%
2012-13 Marc Gasol | Mike Conley | Zach Randolph | Rudy Gay | Tony Allen | Tayshaun Prince | Jerryd Bayless | Quincy Pondexter | Wayne Ellington | Darrell Arthur | Ed Davis | Marreese Speights | Chris Johnson | Keyon Dooling | Austin Daye | Tony Wroten | Hamed Haddadi | Josh Selby | Jon Leuer | Dexter Pittman
91%
2011-12 Marc Gasol | Mike Conley | Zach Randolph | Rudy Gay | Tony Allen | O.J. Mayo | Marreese Speights | Dante Cunningham | Quincy Pondexter | Gilbert Arenas | Sam Young | Jeremy Pargo | Josh Davis | Josh Selby | Lester Hudson | Hamed Haddadi | Brian Skinner
91%
2010-11 Marc Gasol | Mike Conley | Zach Randolph | Rudy Gay | Tony Allen | O.J. Mayo | Shane Battier | Sam Young | Darrell Arthur | Xavier Henry | Greivis Vásquez | Jason Williams | Leon Powe | Acie Law | Hasheem Thabeet | Ish Smith | DeMarre Carroll | Hamed Haddadi | Rodney Carney
91%
2009-10 Marc Gasol | Mike Conley | Zach Randolph | Rudy Gay | Allen Iverson | O.J. Mayo | Sam Young | Ronnie Brewer | Jamaal Tinsley | Darrell Arthur | Marcus Williams | Hasheem Thabeet | DeMarre Carroll | Steven Hunter | Lester Hudson | Hamed Haddadi | Trey Gilder
91%
2008-09 Marc Gasol | Mike Conley | Rudy Gay | O.J. Mayo | Hakim Warrick | Kyle Lowry | Darrell Arthur | Quinton Ross | Darko Miličić | Greg Buckner | Marko Jarić | Darius Miles | Javaris Crittenton | Hamed Haddadi | Adonal Foyle
91%
2007-08 Pau Gasol | Mike Conley | Rudy Gay | Mike Miller | Juan Carlos Navarro | Kyle Lowry | Darko Miličić | Hakim Warrick | Damon Stoudamire | Javaris Crittenton | Stromile Swift | Jason Collins | Bobby Jones | Kwame Brown | Brian Cardinal | Casey Jacobsen | Tarence Kinsey | Andre Brown | Jeremy Richardson
91%
2006-07 Pau Gasol | Rudy Gay | Mike Miller | Chucky Atkins | Hakim Warrick | Damon Stoudamire | Dahntay Jones | Tarence Kinsey | Eddie Jones | Stromile Swift | Junior Harrington | Lawrence Roberts | Kyle Lowry | Alexander Johnson | Jake Tsakalidis | Brian Cardinal | Will Conroy | Scott Padgett
88%
2005-06 Pau Gasol | Shane Battier | Eddie Jones | Damon Stoudamire | Mike Miller | Chucky Atkins | Bobby Jackson | Lorenzen Wright | Jake Tsakalidis | Dahntay Jones | Brian Cardinal | Hakim Warrick | Antonio Burks | John Thomas | Anthony Roberson | Lawrence Roberts
87%
2004-05 Pau Gasol | Shane Battier | Mike Miller | Lorenzen Wright | James Posey | Jason Williams | Brian Cardinal | Earl Watson | Bonzi Wells | Stromile Swift | Dahntay Jones | Antonio Burks | Ryan Humphrey | Jake Tsakalidis | Andre Emmett
87%
2003-04 Pau Gasol | James Posey | Jason Williams | Mike Miller | Lorenzen Wright | Bonzi Wells | Shane Battier | Earl Watson | Stromile Swift | Bo Outlaw | Wesley Person | Jake Tsakalidis | Theron Smith | Dahntay Jones | Troy Bell | Ryan Humphrey
87%
2002-03 Pau Gasol | Jason Williams | Shane Battier | Wesley Person | Lorenzen Wright | Drew Gooden | Gordan Giriček | Mike Miller | Stromile Swift | Earl Watson | Brevin Knight | Mike Batiste | Michael Dickerson | Ryan Humphrey | Chris Owens | Robert Archibald | Cezary Trybański
87%
2001-02 Pau Gasol | Shane Battier | Jason Williams | Michael Dickerson | Lorenzen Wright | Grant Long | Rodney Buford | Stromile Swift | Elliot Perry | Brevin Knight | Tony Massenburg | Eddie Gill | Nick Anderson | Isaac Austin | Will Solomon | Isaac Fontaine | Antonis Fotsis
86%
2000-01 Shareef Abdur-Rahim | Mike Bibby | Michael Dickerson | Othella Harrington | Bryant Reeves | Grant Long | Damon Jones | Erick Strickland | Stromile Swift | Isaac Austin | Tony Massenburg | Kevin Edwards | Mahmoud Abdul-Rauf | Doug West | Brent Price
52%
1998-99 Shareef Abdur-Rahim | Mike Bibby | Sam Mack | Bryant Reeves | Tony Massenburg | Felipe López | Cherokee Parks | Michael Smith | Doug West | Pete Chilcutt | Lee Mayberry | DeJuan Wheat | Rodrick Rhodes | Terry Dehere | J.R. Henderson | Carl Herrera | Makhtar N'Diaye | Jason Sasser
50%
1999-00 Shareef Abdur-Rahim | Mike Bibby | Michael Dickerson | Othella Harrington | Bryant Reeves | Grant Long | Dennis Scott | Doug West | Cherokee Parks | Joe Stephens | Felipe López | Antoine Carr | Brent Price | Obinna Ekezie | Milt Palacio
47%
1996-97 Bryant Reeves | Shareef Abdur-Rahim | Anthony Peeler | Greg Anthony | George Lynch | Lee Mayberry | Blue Edwards | Roy Rogers | Lawrence Moten | Aaron Williams | Chris Robinson | Pete Chilcutt | Moochie Norris | Eric Mobley | Rich Manning | Eric Leckner
47%
1997-98 Shareef Abdur-Rahim | Bryant Reeves | Otis Thorpe | Antonio Daniels | Anthony Peeler | Sam Mack | Blue Edwards | Michael Smith | Lee Mayberry | George Lynch | Pete Chilcutt | Bobby Hurley | Tony Massenburg | Ivano Newbill | Chris Robinson | Larry Robinson
46%
1995-96 Blue Edwards | Bryant Reeves | Benoit Benjamin | Greg Anthony | Gerald Wilkins | Chris King | Byron Scott | Eric Murdock | Kenny Gattison | Antonio Harvey | Anthony Avent | Ashraf Amaya | Eric Mobley | Darrick Martin | Doug Edwards | Lawrence Moten | Rich Manning | Cuonzo Martin
29%
No matching quizzes found
Score Distribution
Percent of People with Each Score
Percentile by Number Answered
Your Score History
You have not taken this quiz since the last reset